000 00357nam a2200145Ia 4500
008 210210b1967 xxu||||| |||| 00| 0 eng d
082 _a629.283 MEMP
100 _aMENNEM (Patrick).
245 _aPass your test- and drive well.
260 _aLondon
_bNEWNES,
_c1967
300 _a90
650 _aCar Driving
690 _aEngineerin
906 _a02755
999 _c78845
_d78845